LEADER 01999oas 2200709 a 450 001 9910144758603321 005 20251106213014.0 011 $a1498-5055 035 $a(OCoLC)47111018 035 $a(CONSER)cn2001702556 035 $a(CKB)991042735608320 035 $a(EXLCZ)99991042735608320 100 $a20010612b20002019 sa a 101 0 $aeng 135 $aurcn||||||||| 181 $ctxt$2rdacontent 182 $cc$2rdamedia 183 $acr$2rdacarrier 200 10$aAnnual report to Parliament /$fNational Energy Board 210 $aCalgary, Alberta $cThe Board$dİ2001-2019 300 $aDistributed by the Government of Canada Publishing and Depository Services Program. 300 $aTitle from title screen (viewed May 29, 2001). 311 08$a1498-8496 517 1 $aAnnual report ... to Parliament 517 1 $aRapport annuel ... au Parlement 531 0 $aAnnu. rep. Parliam. 606 $aEnergy policy$zCanada$vPeriodicals 606 $aEnergy industries$zCanada$vPeriodicals 606 $aEnergy industries$2fast$3(OCoLC)fst00910110 606 $aEnergy policy$2fast$3(OCoLC)fst00910200 607 $aCanada$2fast$1https://id.oclc.org/worldcat/entity/E39PBJkMHVW4rfVXPrhVP4VwG3 608 $aPeriodicals.$2fast 615 0$aEnergy policy 615 0$aEnergy industries 615 7$aEnergy industries. 615 7$aEnergy policy. 676 $a354.4 686 $acci1icc$2lacc 686 $acoll11$2lacc 686 $acoll14$2lacc 801 0$bNLC 801 1$bNLC 801 2$bOCLCQ 801 2$bDLC 801 2$bOCLCQ 801 2$bCLU 801 2$bOCLCQ 801 2$bOCLCO 801 2$bOCLCQ 801 2$bSTF 801 2$bOCLCO 801 2$bNLC 801 2$bSXT 801 2$bOCLCF 801 2$bNLC 801 2$bOCLCQ 801 2$bOCLCL 801 2$bOCLCQ 906 $aJOURNAL 912 $a9910144758603321 996 $aAnnual report to Parliament .$92261798 997 $aUNINA